All Lord of the Rings and The Hobbit Characters-N - Statistics

General Stats
  • This quiz has been taken 14 times
  • The average score is 3 of 7
Answer Stats
Times Mentioned Answer % Correct
21 Nob
100%
14 Nori
75%
3 Nain
50%
1 Nali
25%
1 Old Noakes
25%
4 Nibs Cotton
0%
1 Nick Cotton
0%
No matching quizzes found
Score Distribution
Percent of People with Each Score
Percentile by Number Answered
Your Score History
You have not taken this quiz